Yields of natural hardwood stands in the southeastern United States /

Bibliographic Details
Corporate Author: North Carolina State University. School of Forest Resources
Other Authors: Gardner, W. E. (William Ernest), 1948-
Format: Book
Language:English
Published: Raleigh : School of Forest Resources, North Carolina State University, 1982.
Series:Hardwood research cooperative series ; no. 1.
Subjects:

MARC

Tag First Indicator Second Indicator Subfields
LEADER 00000cam a2200000 a 4500
001 in00000511137
005 20151013070049.0
008 820420s1982 ncu s00000 eng d
035 |a (OCoLC)08354717 
035 |9 ACD9879AM 
040 |a TXK  |c TXK  |d TXA  |d UtOrBLW 
049 |a TXAM  |c [1676060] 
090 |a SD555  |b .Y54 1982 
245 0 0 |a Yields of natural hardwood stands in the southeastern United States /  |c W.E. Gardner [and others]. 
264 1 |a Raleigh :  |b School of Forest Resources, North Carolina State University,  |c 1982. 
300 |a 64 leaves ;  |c 28 cm. 
336 |a text  |b txt  |2 rdacontent 
337 |a unmediated  |b n  |2 rdamedia 
338 |a volume  |b nc  |2 rdacarrier 
490 1 |a Hardwood research cooperative series ; no. 1 
650 0 |a Hardwoods. 
650 0 |a Forests and forestry  |x Measurement. 
700 1 |a Gardner, W. E.  |q (William Ernest),  |d 1948- 
710 2 |a North Carolina State University.  |b School of Forest Resources. 
830 0 |a Hardwood research cooperative series ;  |v no. 1. 
999 |a MARS 
999 f f |s 1dd1005a-16dd-3e76-9dc4-2f37e1ddb0fa  |i 24179ce4-28be-353e-b502-9e5952511d21  |t 0 
952 f f |p ric  |a Texas A&M University  |b Rellis Campus  |c Joint Library Facility  |d Remote Storage  |t 0  |e SD555 .Y54 1982  |h Library of Congress classification  |i unmediated -- volume  |m A14807844656 
998 f f |a SD555 .Y54 1982  |t 0  |l Remote Storage